| 000 | 00683nam a2200229Ia 4500 | ||
|---|---|---|---|
| 003 | OSt | ||
| 005 | 20220925205726.0 | ||
| 006 | a|||||r|||| 00| 0 | ||
| 007 | ta | ||
| 008 | 220923b |||||||| |||| 00| 0 eng d | ||
| 037 | _cGeneral Book | ||
| 040 |
_aRTL _cRTL _beng |
||
| 041 |
_2eng _aeng |
||
| 082 | _aX9(J3):546.41.N6, L0 | ||
| 100 |
_aDonnithorne Andrey _9270860 |
||
| 245 | 0 |
_aChina's grain _b Output procurement transfers and t |
|
| 260 |
_aHong _bKong Chinese University of Hong Kong _c1970 |
||
| 300 |
_a36p. _ccm. |
||
| 650 | _aFood Industry | ||
| 942 |
_hX9(J3):546.41.N6, L0 _cGB _2CC |
||
| 999 |
_c553006 _d553006 |
||